| 000 | 00424nam a2200133 a 4500 | ||
|---|---|---|---|
| 001 | 000038735 | ||
| 005 | 20201002031343.0 | ||
| 008 | 130419s1967 dr 000 0 spa d | ||
| 040 |
_aDO-SdBNP _bspa _cBNPHU |
||
| 100 | 1 |
_aJourdain Heredia, Luis Emilio _955991 |
|
| 245 | 1 | 0 |
_aBalaguer ante las Naciones Unidas / _cLuis Emilio Jourdain Heredia. |
| 260 |
_aSanto Domingo : _bEditora del Caribe, _c1967. |
||
| 300 |
_a32 p. ; _c24 cm. |
||
| 999 |
_c38225 _d38225 |
||